Estudio del proceso de torrefacción del café(Coffea arabica) en tostado convencional
Gespeichert in:
| 1. Verfasser: | |
|---|---|
| Format: | Buch |
| Sprache: | Spanish |
| Veröffentlicht: |
San José, Costa Rica
2017
|
| Schlagworte: | |
| Tags: |
Tag hinzufügen
Keine Tags, Fügen Sie den ersten Tag hinzu!
|
MARC
| LEADER | 00000nam a22000007a 4500 | ||
|---|---|---|---|
| 003 | 012571 | ||
| 005 | 20221231144207.0 | ||
| 008 | 170425b2017 cr a|||| |||||00| ||spa d | ||
| 040 | |c cru CEDI | ||
| 090 | |a TFG 7722 | ||
| 100 | |9 8082 |a Abarca Mora, Royner | ||
| 245 | |a Estudio del proceso de torrefacción del café(Coffea arabica) en tostado convencional | ||
| 260 | |a San José, Costa Rica |c 2017 | ||
| 300 | |a xvi, 106 hojas; ulustraciones a color | ||
| 500 | |a Tesis (licenciatura en ingeniería agrícola)--Universidad de Costa Rica. Facultad de Ingeniería. Escuela de Ingeniería de Biosistemas | ||
| 650 | |x CAFE - PROCESAMIENTO |x CAFE - COMPOSICION |x CAFE - EFECTO DE LA TEMPERATURA |x CAFE - CALIDAD |x BENEFICIO DE CAFE |x TORREFACCION DEL CAFE |x CAFE - COSTA RICA |9 8083 | ||
| 942 | |c TFG | ||
| 999 | |c 18245 |d 18245 | ||
